000 00986nam a2200265 i 4500
003 DO-SdBNP
005 20230628091443.0
006 a||||gr|||| 00| 0
007 ta
008 230627e2006 dr aob|| |||| 00| 0 spa d
040 _aDO-SdBNP
_bspa
_cBNPHU
_erda
082 4 _222
_bA473g
100 1 _981341
_aÁlvarez Gautier, Virginia,
245 1 0 _aGuía turística costa Norte República Dominicana. /
_cVirginia Alvarez Gautier; mapas, Edwin Burgos, Noly Navarro; fotografías, Ricardo Briones, Terry Hill
264 1 _aSanto Domingo :
_bSecretaría de Estado de Turismo,
_c2006
300 _a69 páginas :
_bIlustraciones, fotografías, mapas ;
_c20 cm
336 _2rdaconten
_atexto
_btxt
337 _2rdamedia
_asin medición
_bn
338 _2rdacarrier
_avolumen
_bnc
700 1 _aBurgos, Edwin,
_emapas
_983606
700 1 _aNavarro, Noly,
_emapas
_983607
700 1 _929826
_aBriones, Ricardo,
_efotografías
700 1 _aHill, Terry
_efotografía
_983608
942 _2ddc
_cLBS1
999 _c53969
_d53969